000 00426cam a2200193ua 4500
001 8892
005 20260515114410.0
008 150220n ii |||gr||||Z||||||eng
040 _cMAIN
041 _aeng
082 _a821
100 _aGrenn, D.,
_eAuthor.
245 _aWinged word
_cBy David Green
250 _a1st.
260 _aDelhi:
_bMacmillan,
_c1962.
300 _a268p.
653 _aEnglish poetry
942 _cBK
999 _c7979
_d7979